| 000 | 00894nam a2200253Ia 4500 | ||
|---|---|---|---|
| 999 |
_c37841 _d37841 |
||
| 001 | 3819 | ||
| 003 | GE_BSU | ||
| 005 | 20190822174404.0 | ||
| 008 | 181216s2000||||ge |||||||||||||| ||geo|| | ||
| 020 | _a9992844205 | ||
| 040 | _cGE_BSU | ||
| 041 | _ageo | ||
| 080 | _a2(09) წ–87 | ||
| 100 |
_aწულუკიძე, ნუგზარ _93752 |
||
| 245 |
_aსაიდუმლოს გასაღები / _cრედ.: გურამ ჩაგანავა |
||
| 264 |
_a ბათუმი : _bაჭარა, _c2000. |
||
| 300 |
_a407 გვ. ; _b20 სმ. |
||
| 504 | _a ბიბლიოგრ.: გვ. 405-407. | ||
| 653 | _a სიკვდილი | ||
| 653 | _a სიცოცხლე | ||
| 653 | _aსამყაროს აღქმა | ||
| 700 |
_aჩაგანავა, გურამ _eრედაქტორი _93597 |
||
| 942 |
_cBK _2udc |
||